Countries where Christmas is not a holiday - Statistics

General Stats
  • This quiz has been taken 1,250 times
  • The average score is 23 of 34
Answers on the Map
Answers color-coded by a green-red scale on the quiz's map according to % correct below.
 
Answer Stats
Answer % Correct
China (except Hong Kong & Macau)
91%
Iran
90%
Saudi Arabia
86%
Pakistan
84%
Japan
82%
Afghanistan
80%
Oman
80%
Yemen
80%
North Korea
79%
United Arab Emirates
79%
Turkey
74%
Algeria
72%
Qatar
72%
Libya
71%
Vietnam
71%
Thailand
70%
Morocco
69%
Kuwait
68%
Israel
67%
Laos
67%
Mongolia
67%
Cambodia
65%
Tunisia
64%
Turkmenistan
63%
Uzbekistan
63%
Bahrain
62%
Somalia
59%
Tajikistan
57%
Bhutan
56%
Azerbaijan
51%
Mauritania
49%
Taiwan
49%
Maldives
43%
Comoros
31%
No matching quizzes found
Score Distribution
Percent of People with Each Score
Percentile by Number Answered
Your Score History
You have not taken this quiz